[Event "ZN-2011-0-01661"]
[Site "LSS email"]
[Date "2011.08.23"]
[Round "?"]
[White "Hernandez, Lis"]
[Black "Newton, Daryl"]
[Result "1-0"]
[WhiteElo "1016"]
[BlackElo "600"]
[PlyCount "55"]
[EventDate "2011.08.19"]
[EventType "match (corr)"]
[EventRounds "2"]
[EventCountry "GER"]
[SourceTitle "Telechess CBM 149"]
[Source "ChessBase"]
[SourceDate "2012.07.17"]
[SourceVersion "1"]
[SourceVersionDate "2012.07.17"]
[SourceQuality "1"]

1. e4 e5 2. Nf3 Nf6 3. Nc3 c6 4. d4 d5 5. dxe5 Nh5 6. exd5 Bc5 7. Be2 Bf5 8. d6 Kf8 9. 0-0 a6 10. Nd4 Bg6 11. Bxh5 Bxh5 12. Qxh5 Bxd4 13. Bg5 Qe8 14. Rfe1 Qe6 15. Rad1 Bxe5 16. Bf4 Nd7 17. Bxe5 f6 18. Bf4 Qf7 19. Qxf7+ Kxf7 20. Re7+ Kg6 21. Rxd7 b5 22. Re7 Rhg8 23. d7 Kf5 24. Bc7 h5 25. d8Q Raxd8 26. Rxd8 Rxd8 27. Bxd8 Kg6 28. Ra7 1-0

[Event "OP-2011-0-01656"]
[Site "LSS email"]
[Date "2011.07.12"]
[Round "?"]
[White "Hernandez, Lis"]
[Black "Bester, Kazimierz"]
[Result "1-0"]
[WhiteElo "923"]
[BlackElo "598"]
[PlyCount "47"]
[EventDate "2011.07.10"]
[EventType "tourn (corr)"]
[EventRounds "4"]
[EventCountry "GER"]
[SourceTitle "Telechess CBM 151"]
[Source "ChessBase"]
[SourceDate "2012.11.13"]
[SourceVersion "1"]
[SourceVersionDate "2012.11.13"]
[SourceQuality "1"]

1. e4 d5 2. exd5 Qxd5 3. d4 Nf6 4. Nf3 Nc6 5. Nc3 Qa5 6. Bd2 Bg4 7. Be2 Bxf3 8. Bxf3 0-0-0 9. Bxc6 bxc6 10. Ne4 Qb6 11. Nxf6 gxf6 12. Be3 e5 13. c3 exd4 14. cxd4 Qxb2 15. 0-0 c5 16. Re1 cxd4 17. Qg4+ Rd7 18. Bxd4 Qxd4 19. Re8+ Kb7 20. Rb1+ Ka6 21. Re4 Bc5 22. Rxd4 Rxd4 23. Qe2+ Ka5 24. Qb5# 1-0

[Event "LSS No Engine Cup 46 Preliminary 5"]
[Site "LSS email"]
[Date "2011.07.10"]
[Round "?"]
[White "Kolanek, Roman"]
[Black "Hernandez, Lis"]
[Result "1-0"]
[WhiteElo "2037"]
[BlackElo "1016"]
[PlyCount "55"]
[EventDate "2011.07.11"]
[EventType "tourn (corr)"]
[EventRounds "6"]
[EventCountry "GER"]
[SourceTitle "Telechess CBM 151"]
[Source "ChessBase"]
[SourceDate "2012.11.13"]
[SourceVersion "1"]
[SourceVersionDate "2012.11.13"]
[SourceQuality "1"]

1. d4 Nf6 2. c4 e5 3. dxe5 Ng4 4. Bf4 Nc6 5. Nf3 Bb4+ 6. Nc3 Qe7 7. Qb3 f6 8. exf6 Nxf6 9. a3 Bxc3+ 10. Qxc3 d6 11. g3 0-0 12. Bg2 Bg4 13. b4 Rae8 14. 0-0 Ne4 15. Qd3 Bf5 16. Qd5+ Kh8 17. Rae1 Nc3 18. Qd2 Ne4 19. Qb2 Qe6 20. Rc1 Bh3 21. Bxh3 Qxh3 22. c5 Qg4 23. b5 Ne5 24. cxd6 cxd6 25. Bxe5 dxe5 26. Rc4 Qf5 27. Nh4 Qf6 28. Rxe4 1-0

[Event "OP-2011-0-01623"]
[Site "LSS email"]
[Date "2011.06.27"]
[Round "?"]
[White "Hernandez, Lis"]
[Black "Bester, Kazimierz"]
[Result "0-1"]
[WhiteElo "923"]
[BlackElo "598"]
[PlyCount "68"]
[EventDate "2011.06.24"]
[EventType "tourn (corr)"]
[EventRounds "4"]
[EventCountry "GER"]
[SourceTitle "Telechess CBM 151"]
[Source "ChessBase"]
[SourceDate "2012.11.13"]
[SourceVersion "1"]
[SourceVersionDate "2012.11.13"]
[SourceQuality "1"]

1. e4 d5 2. exd5 Qxd5 3. d4 Nc6 4. Nf3 Bg4 5. Be2 0-0-0 6. c3 Nf6 7. 0-0 e6 8. Bf4 h6 9. Nbd2 Nh5 10. Bg3 g5 11. Qa4 f5 12. Bc4 Qd7 13. h3 Nxg3 14. fxg3 Bh5 15. Rfe1 Qd6 16. Bxe6+ Kb8 17. d5 Ne7 18. Ne5 Be8 19. Qb3 Bg7 20. Ndc4 Qc5+ 21. Kh1 Nxd5 22. Rad1 c6 23. Bxf5 Rf8 24. Be6 Rf6 25. Bxd5 Rxd5 26. Ng4 Rf8 27. Rxd5 cxd5 28. Nce5 h5 29. Nh2 Bxe5 30. Rxe5 Bc6 31. Rxg5 Qf2 32. Qd1 d4 33. Qg1 Qxb2 34. Qxd4 Qxg2# 0-1

[Event "OP-2011-0-01623"]
[Site "LSS email"]
[Date "2011.06.27"]
[Round "?"]
[White "Johanson, Frans"]
[Black "Hernandez, Lis"]
[Result "1-0"]
[WhiteElo "1799"]
[BlackElo "923"]
[PlyCount "53"]
[EventDate "2011.06.24"]
[EventType "tourn (corr)"]
[EventRounds "4"]
[EventCountry "GER"]
[SourceTitle "Telechess CBM 151"]
[Source "ChessBase"]
[SourceDate "2012.11.13"]
[SourceVersion "1"]
[SourceVersionDate "2012.11.13"]
[SourceQuality "1"]

1. Nf3 Nf6 2. g3 g6 3. Bg2 Bg7 4. 0-0 0-0 5. c4 c5 6. d4 cxd4 7. Nxd4 Nc6 8. Nc3 a6 9. c5 d6 10. Nxc6 bxc6 11. cxd6 Qxd6 12. Qxd6 exd6 13. Bxc6 Ra7 14. Bf4 Bh3 15. Bxd6 Bxf1 16. Bxf8 Kxf8 17. Rxf1 Ke7 18. Rd1 Rc7 19. Bg2 h5 20. e4 Rd7 21. Rxd7+ Nxd7 22. Kf1 Nc5 23. Nd5+ Kd6 24. b4 Nd7 25. f4 Bd4 26. e5+ Ke6 27. Nc7+ 1-0

[Event "OP-2011-0-01623"]
[Site "LSS email"]
[Date "2011.06.27"]
[Round "?"]
[White "Zalascek, Vlado"]
[Black "Hernandez, Lis"]
[Result "1-0"]
[WhiteElo "1580"]
[BlackElo "923"]
[PlyCount "111"]
[EventDate "2011.06.24"]
[EventType "tourn (corr)"]
[EventRounds "4"]
[EventCountry "GER"]
[SourceTitle "Telechess CBM 147"]
[Source "ChessBase"]
[SourceDate "2012.03.16"]
[SourceVersion "1"]
[SourceVersionDate "2012.03.16"]
[SourceQuality "1"]

1. e4 e5 2. Nf3 Nc6 3. Bb5 a6 4. Ba4 Nf6 5. 0-0 b5 6. Bb3 Be7 7. Re1 0-0 8. c3 d5 9. exd5 Nxd5 10. Nxe5 Nxe5 11. Rxe5 c6 12. d4 Bd6 13. Re1 Qh4 14. g3 Qh3 15. Be3 Bg4 16. Qd3 f5 17. f4 Kh8 18. Bxd5 cxd5 19. Nd2 g5 20. Qf1 Qh5 21. a4 bxa4 22. fxg5 f4 23. Bxf4 Rxf4 24. gxf4 Rf8 25. Re5 Bxe5 26. dxe5 h6 27. Qxa6 hxg5 28. Qd6 Rxf4 29. Rf1 Rxf1+ 30. Nxf1 Bh3 31. Ne3 Qh4 32. Qf8+ Kh7 33. Qf7+ Kh6 34. Qf2 Qh5 35. Qf8+ Kh7 36. Kf2 Qh4+ 37. Ke2 Bg4+ 38. Nxg4 Qxg4+ 39. Qf3 Qg1 40. e6 Qxh2+ 41. Kd1 Qg1+ 42. Kc2 Qe1 43. Qh5+ Kg7 44. Qxg5+ Kf8 45. Qxd5 Ke7 46. Qd7+ Kf6 47. Qf7+ Ke5 48. e7 Qe4+ 49. Kd2 Qg2+ 50. Ke1 Qe4+ 51. Kf2 Qc2+ 52. Kg3 Qd3+ 53. Kh4 Qe4+ 54. Kh5 Qh1+ 55. Kg6 Qg2+ 56. Kh7 1-0

[Event "OP-2011-0-01600"]
[Site "LSS email"]
[Date "2011.06.18"]
[Round "?"]
[White "Cruz Rivera, Pablo Ricardo"]
[Black "Hernandez, Lis"]
[Result "0-1"]
[WhiteElo "676"]
[BlackElo "910"]
[PlyCount "64"]
[EventDate "2011.06.16"]
[EventType "tourn (corr)"]
[EventRounds "4"]
[EventCountry "GER"]
[SourceTitle "Telechess CBM 145"]
[Source "Chessbase"]
[SourceDate "2011.11.11"]
[SourceVersion "1"]
[SourceVersionDate "2011.11.11"]
[SourceQuality "1"]

1. d4 Nf6 2. Nc3 e6 3. e4 Bb4 4. Qf3 d5 5. e5 Ne4 6. Nh3 h6 7. Bd3 Nxc3 8. Bd2 Nxa2 9. Rxa2 Bxd2+ 10. Kxd2 Nd7 11. Re1 c5 12. dxc5 Nxc5 13. Bb5+ Bd7 14. Bxd7+ Qxd7 15. Nf4 0-0 16. Kc1 Rfc8 17. b4 Ne4 18. Nh5 g6 19. Nf6+ Nxf6 20. Qxf6 Rc4 21. Rb2 Rac8 22. f4 Qa4 23. Re2 Qa1+ 24. Rb1 Qa3+ 25. Rb2 Rxb4 26. Qe7 Qxb2+ 27. Kd1 Qb1+ 28. Kd2 Rxc2+ 29. Kd3 Rc7+ 30. Ke3 Qe4+ 31. Kd2 Rb2+ 32. Ke1 Qxe2# 0-1

[Event "OP-2011-0-01600"]
[Site "LSS email"]
[Date "2011.06.18"]
[Round "?"]
[White "Csaba, Fodor"]
[Black "Hernandez, Lis"]
[Result "1-0"]
[WhiteElo "1160"]
[BlackElo "910"]
[PlyCount "41"]
[EventDate "2011.06.16"]
[EventType "tourn (corr)"]
[EventRounds "4"]
[EventCountry "GER"]
[SourceTitle "Telechess CBM 145"]
[Source "Chessbase"]
[SourceDate "2011.11.11"]
[SourceVersion "1"]
[SourceVersionDate "2011.11.11"]
[SourceQuality "1"]

1. e4 e5 2. Nf3 Nc6 3. Bb5 a6 4. Bxc6 dxc6 5. 0-0 Bg4 6. h3 h5 7. d3 Bc5 8. hxg4 hxg4 9. Ng5 g3 10. Qf3 gxf2+ 11. Rxf2 Bxf2+ 12. Qxf2 Qe7 13. Na3 f6 14. Nf3 Qf7 15. Nc4 Qh5 16. Qg3 Qh1+ 17. Kf2 g5 18. Ncxe5 fxe5 19. Qxe5+ Ne7 20. Bxg5 Qh7 21. Rh1 1-0

[Event "OP-2011-0-01600"]
[Site "LSS email"]
[Date "2011.06.18"]
[Round "?"]
[White "Hernandez, Lis"]
[Black "Vodicka, Milan"]
[Result "0-1"]
[WhiteElo "910"]
[BlackElo "1670"]
[PlyCount "66"]
[EventDate "2011.06.16"]
[EventType "tourn (corr)"]
[EventRounds "4"]
[EventCountry "GER"]
[SourceTitle "Telechess CBM 145"]
[Source "Chessbase"]
[SourceDate "2011.11.11"]
[SourceVersion "1"]
[SourceVersionDate "2011.11.11"]
[SourceQuality "1"]

1. d4 d5 2. Nf3 Nf6 3. e3 e6 4. Bd3 c5 5. c3 Nc6 6. Nbd2 Be7 7. Qe2 0-0 8. 0-0 Qc7 9. e4 cxd4 10. cxd4 Nb4 11. e5 Nxd3 12. Qxd3 Nd7 13. Re1 h6 14. Nf1 Nb8 15. Be3 Bd7 16. Rac1 Qb6 17. Ng3 Nc6 18. Nh5 Rfd8 19. Bxh6 gxh6 20. Nf6+ Bxf6 21. exf6 e5 22. Qe3 Kh7 23. Ng5+ Kg6 24. Nxf7 Kxf7 25. Qxh6 Qxd4 26. Qg7+ Ke6 27. Rxc6+ Bxc6 28. Qe7+ Kf5 29. h3 Rd7 30. g4+ Kg6 31. Qa3 e4 32. Qg3 Qxb2 33. Qf4 Qxf6 0-1

[Event "RN-2011-0-00383"]
[Site "LSS email"]
[Date "2011.05.29"]
[Round "?"]
[White "Hernandez, Lis"]
[Black "Lykhomano, Romano"]
[Result "1-0"]
[WhiteElo "923"]
[BlackElo "1589"]
[PlyCount "53"]
[EventDate "2011.05.12"]
[EventType "tourn (corr)"]
[EventRounds "6"]
[EventCountry "GER"]
[SourceTitle "Telechess CBM 151"]
[Source "ChessBase"]
[SourceDate "2012.11.13"]
[SourceVersion "1"]
[SourceVersionDate "2012.11.13"]
[SourceQuality "1"]

1. e4 c6 2. Nf3 d5 3. exd5 cxd5 4. d4 Nf6 5. Bd3 e6 6. 0-0 Be7 7. c3 0-0 8. Re1 Nbd7 9. Bf4 Re8 10. Nbd2 a6 11. Qe2 b6 12. Ne5 Nxe5 13. dxe5 Nd7 14. Qh5 g6 15. Qg4 Bf8 16. Bg5 Be7 17. Bh6 Bf8 18. Qh3 Nc5 19. Bc2 b5 20. Rad1 Qc7 21. Nf3 Bb7 22. Bxf8 Rxf8 23. Ng5 h5 24. g4 Kg7 25. gxh5 gxh5 26. Qxh5 Rh8 27. Qg4 1-0

[Event "ZN-2011-0-01515"]
[Site "LSS email"]
[Date "2011.05.24"]
[Round "?"]
[White "Hernandez, Lis"]
[Black "Ducharme, Steven"]
[Result "1-0"]
[WhiteElo "922"]
[BlackElo "828"]
[PlyCount "29"]
[EventDate "2011.05.20"]
[EventType "match (corr)"]
[EventRounds "2"]
[EventCountry "GER"]
[SourceTitle "Corr 2015"]
[Source "ChessBase"]
[SourceDate "2015.07.17"]
[SourceVersion "1"]
[SourceVersionDate "2015.07.17"]
[SourceQuality "1"]

1. e4 a6 2. d4 b5 3. c4 bxc4 4. Bxc4 e6 5. Nc3 Bb7 6. Nf3 Bb4 7. Qe2 Ne7 8. 0-0 Ng6 9. Bg5 f6 10. Bd2 0-0 11. Rac1 Qe7 12. Rfd1 Nc6 13. a3 Ba5 14. d5 exd5 15. Nxd5 1-0